UMTS (Record no. 54652)

MARC details
000 -LEADER
fixed length control field 00602nam a22002057a 4500
007 - PHYSICAL DESCRIPTION FIXED FIELD--GENERAL INFORMATION
fixed length control field 00
008 - FIXED-LENGTH DATA ELEMENTS--GENERAL INFORMATION
fixed length control field 160621b xxu||||| |||| 00| 0 eng d
020 ## - INTERNATIONAL STANDARD BOOK NUMBER
International Standard Book Number 978-1-905209-71-1
040 ## - CATALOGING SOURCE
Original cataloging agency BUAC
Transcribing agency BUC
041 ## - LANGUAGE CODE
Language code of text/sound track or separate title Fre..
100 ## - MAIN ENTRY--PERSONAL NAME
Personal name Sanchez, Javier
245 ## - TITLE STATEMENT
Title UMTS
Statement of responsibility, etc / par Javier Sanchez, Mamadou Thioune
260 ## - PUBLICATION, DISTRIBUTION, ETC. (IMPRINT)
Place of publication, distribution, etc London :
Name of publisher, distributor, etc Ed. Iste,
Date of publication, distribution, etc 2007
300 ## - PHYSICAL DESCRIPTION
Extent 422 p.
Dimensions 24 cm.
521 ## - TARGET AUDIENCE NOTE
Target audience note Compr. Bibliogr à la fin de chaque chapitre de vol. Index : pp. (417 - 422)
630 ## - SUBJECT ADDED ENTRY--UNIFORM TITLE
Uniform title SCIENCES APPLIQUEES
650 ## - SUBJECT ADDED ENTRY--TOPICAL TERM
Source of heading or term Télécommunication : réseau
700 ## - ADDED ENTRY--PERSONAL NAME
Personal name Thioune, Mamadou
942 ## - ADDED ENTRY ELEMENTS (KOHA)
Item type Livre
Holdings
Withdrawn status Lost status Damaged status Not for loan Location (home branch) Sublocation or collection (holding branch) Date acquired Source of acquisition Coded location qualifier Koha issues (times borrowed) Koha full call number Piece designation (barcode) Koha date last seen Copy number Price effective from Koha item type
        Bibliothèque Universitaire Centrale Bibliothèque Universitaire Centrale 11/06/2015 Don ARES 16/484   621.39 SAN 16-484BUC 21/06/2016 1 21/06/2016 Livre


© 2008, Bibliothèques de l'Université d'Abomey-Calavi

04 BP 789 Cotonou, Tél. : +229 21 36 01 01, Fax : +229 21 35 06 32

Courriel : bu@bu.uac.bj